[Event "Corus-B"]
[Site "Wijk aan Zee"]
[Date "2003.01.21"]
[Round "9"]
[White "Van der Wiel, John"]
[Black "Hector, Jonny"]
[Result "1/2-1/2"]
[WhiteElo "2509"]
[BlackElo "2570"]
[Annotator "Postny,E"]
[PlyCount "94"]
[EventDate "2003.01.14"]
[EventType "tourn"]
[EventRounds "13"]
[EventCountry "NED"]
[EventCategory "13"]
[SourceTitle "CBM 093"]
[Source "ChessBase"]
[SourceDate "2003.04.01"]
[SourceVersion "1"]
[SourceVersionDate "2003.04.01"]
[SourceQuality "1"]

1. e4 e5 2. Nf3 Nc6 3. d4 exd4 4. Nxd4 Qf6 5. Nxc6 Bc5 6. Qd2 dxc6 7. Nc3 Qe7 {
This Morozevich's move gained popularity in last few years.} 8. Qg5 {The best
way to fight for the advantage.} Nf6 9. Be3 Bd6 10. Bd4 (10. Be2 {appeared in
the game Motylev,A-Ivanchuk,V/FIDE GP Moscow 2002/CBM 90}) 10... Rg8 {This
continuation looks a bit awkward, but quite playable.} (10... O-O 11. O-O-O {
- see the commented games Van der Wiel,J-Van den Doel,E/NED-ch 2002/CBM 90 
[Postny] and  Tiviakov,S-Van den Doel,E/NED-ch 2002/CBM 90 [Postny].}) 11. f3
$6 $146 ({In the only preceding game white choose the more logical} 11. O-O-O {
- see Mellado Trivino,J-Korneev,O/Elgoibar 1998/CBM 69 [Mikhalevski,V]}) 11...
h6 12. Qd2 Nd5 $1 {Exploiting the pin along the "e" file black transfering his
knight to better pastures.} 13. Ne2 (13. O-O-O $4 Bf4 $19) 13... Nb6 14. O-O-O
Nc4 15. Qd3 (15. Qc3 Be6 16. f4 (16. Bxg7 $4 Qg5+ $19) 16... f6 {and black is
O.K.}) 15... Be6 16. b3 Ne5 17. Qe3 O-O-O {It can be concluded, that black has
solved the opening problems. The drawbacks of the pawn structure are fully
compensated by better pieces coordination.} 18. Kb1 Ba3 ({Comes into
consideration} 18... g5) 19. Nc3 f6 20. Be2 b6 21. Na4 ({More in the spirit of
the position would be} 21. f4 Nf7 22. Qf2) 21... c5 22. Bxe5 fxe5 23. Bc4 $1 (
23. Nb2 Bxb2 24. Kxb2 $11) 23... Rd4 24. Bxe6+ (24. Bd5 Rd8 25. Nc3 (25. c3
Bxd5 26. cxd4 cxd4 $15) 25... Kb8 $1 (25... Bb4 26. Nb5 Bxd5 27. exd5 R4xd5 28.
Nxa7+ Kb7 29. Rxd5 Rxd5 30. Qe4 $18) 26. Nb5 c6 $1 $15) 24... Qxe6 25. c3 (25.
Nc3 c6 (25... Rgd8 26. Qe2 {[%cal Ge2a6]} Kb7 27. Nb5 $14) 26. Ne2 Rd6 {
The position is balanced.}) 25... Rd6 26. Qe2 Rgd8 27. Nb2 Bxb2 28. Kxb2 c4 $1
$11 {Black is taking the opportunity to get rid of his double pawns.} 29. bxc4
Rxd1 (29... Qd7 $6 30. Rd5 c6 31. Rxd6 Qxd6 32. Rc1) 30. Rxd1 Rxd1 31. Qxd1
Qxc4 32. Qd5 $1 {The safest way to equalize, but requires an accurate
calculation of tempos in the forthcoming pawn endgame.} Qxd5 33. exd5 Kd7 34.
Kb3 Kd6 35. Kc4 h5 36. h4 g6 37. a3 a6 38. a4 Ke7 (38... b5+ 39. axb5 axb5+ 40.
Kxb5 Kxd5 41. c4+ Kd4 42. Kc6 Kxc4 43. Kxc7 Kd5 44. Kd7 e4 45. fxe4+ Kxe4 46.
Ke6 Kf4 47. Kf6 Kg4 48. Kxg6 Kxh4 $11) 39. Kb4 Kd7 40. c4 Kd6 41. a5 {The
final simplification, which leads to a forced draw.} bxa5+ 42. Kxa5 Kc5 43.
Kxa6 Kxc4 44. Kb7 Kxd5 45. Kxc7 e4 46. fxe4+ Kxe4 47. Kd6 Kf4 (47... Kf4 48.
Ke6 Kg4 49. Kf6 Kxh4 50. Kxg6 $11) 1/2-1/2

[Event "SWE-ch"]
[Site "Linkoping"]
[Date "2001.07.06"]
[Round "7"]
[White "Hector, Jonny"]
[Black "Barkhagen, Jonas"]
[Result "0-1"]
[WhiteElo "2546"]
[BlackElo "2456"]
[Annotator "Postny,E"]
[PlyCount "56"]
[EventDate "2001.06.30"]
[EventType "tourn"]
[EventRounds "13"]
[EventCountry "SWE"]
[EventCategory "8"]
[SourceTitle "CBM 085"]
[Source "ChessBase"]
[SourceDate "2001.11.13"]
[SourceVersion "1"]
[SourceVersionDate "2001.11.13"]
[SourceQuality "1"]

1. e4 e5 2. Nf3 Nc6 3. d4 exd4 4. Nxd4 Nf6 5. Nxc6 bxc6 6. e5 Qe7 7. Qe2 Nd5 8.
c4 Nb6 9. Nd2 Bb7 {Other main options are:9...a5; 9...Qe6.} 10. f4 $146 {
In according to Mega database this move is new.In the preceding games white
mostly played 10.b3.For instanse:} (10. b3 O-O-O 11. Bb2 d5 (11... c5 12. O-O-O
d6 13. exd6 Qxd6 14. Qg4+ Kb8 15. Be2 h5 16. Qg3 Qh6 17. Bf3 h4 18. Qg4 Bc8 19.
Qe4 Bd6 20. Bc3 Rhe8 21. Qc2 Qg5 $132 {1/2-1/2 Shaked,T-Morovic Fernandez,I /
FIDE-Wch k.o. 1997/CBM 63 (51)}) 12. O-O-O Qe6 13. Qe3 Bb4 14. cxd5 cxd5 15.
Nf3 Kb8 16. Bd3 Rhe8 $13 {1/2-1/2 Shaked,T-Morovic Fernandez,I /FIDE-Wch k.o.
1997/CBM 63 (53) [Mikhalevski V.]}) 10... c5 (10... d5 {could be the
alternative way to meet white's novelty.}) 11. Nf3 O-O-O 12. a4 $6 {White's
development isn't so great, so this flank aggression shouldn't be encouraged.}
({The normal way to continue is:} 12. Bd2 d6 13. O-O-O dxe5 14. fxe5) 12... d6
13. a5 $6 {White is consistant with his unsuccessful idea.} ({Again preferable
was} 13. Bd2 {.White should not be afraid of} Bxf3 $6 14. Qxf3 dxe5 15. Be2 $44
{[%csl Rc8]}) 13... Nd7 14. Ra3 (14. exd6 Qxd6 15. Bd2 Qf6 $1 16. O-O-O Bd6 17.
g3 Rhe8 18. Qf2 {[%tqu "En","How should black continue?","","","g7g5","",5]} g5
$1 $17 {This is an instructive variation, that demonstrates, that white can't
complete his development normally.This time has been lost on the "manouvre"
a4-a5.}) 14... g6 $2 {Allows black to rehabilitate his position.} (14... dxe5
15. Nxe5 (15. fxe5 Bxf3 16. Qxf3 Nxe5 17. Qa8+ Kd7 $17) 15... Nxe5 16. fxe5 Qe6
$5 $15) 15. g3 $1 Bh6 ({Probably} 15... dxe5 {was again the better option.The
game may continue:} 16. a6 Bc6 17. fxe5 Re8 (17... Nxe5 $6 18. Nxe5 Bxh1 19.
Re3 $1 Qe6 20. Bg2 Bxg2 (20... Bh6 $2 21. Bxh1 Bxe3 22. Bb7+ Kb8 23. Nc6+ Qxc6
24. Bxc6 Bxc1 25. Qf3 $18 {[%csl Rb8]}) 21. Qxg2 Qb6 22. Qa8+ Qb8 23. Qxb8+
Kxb8 24. Nxf7 $14) 18. Bg2 $1 (18. Bh3 f5 19. O-O Nxe5 20. Nxe5 Qxe5 21. Re3
Qd4 $17) 18... Bg7 19. Be3 Bxe5 20. Nxe5 Nxe5 21. Bxc6 Nxc6 22. O-O $44 {
[%csl Rc5,Rc8]}) 16. a6 Bc6 17. Bh3 (17. Bg2 $5 dxe5 18. Nxe5 Nxe5 (18... Bxg2
$6 19. Qxg2 Nxe5 20. O-O $1 {[%csl Rc8] This idea was found by Fritz.} Ng4 (
20... Nxc4 21. Qb7+ Kd7 22. Qb5+ Kc8 23. Qxc4 $36) 21. Qa8+ $1 Kd7 22. Rd3+ Ke6
(22... Ke8 $2 23. Rxd8+ Qxd8 24. Re1+ $18) 23. Qf3 $1 Rxd3 24. Qxd3 Qd6 25.
Qe2+ Kf6 (25... Kf5 26. Rd1 $18) 26. Qxg4 $14) 19. O-O Nf3+ $1 (19... Bxg2 20.
Qxg2 {-see 18...Bg2.}) 20. Bxf3 Qxe2 21. Bxe2 Rhe8 22. Bf3 Bxf3 23. Raxf3 {
with approximately equal position.}) 17... dxe5 18. O-O f5 (18... Rhe8 $2 19.
Nxe5 $16 f6 $2 20. Nxc6 $1 Qxe2 21. Rb3 $18 {[%cal Rb3b8,Rc6a7]}) 19. Nxe5 $2 (
19. fxe5 Bxc1 20. Rxc1 Rhe8 21. Re3 $14) 19... Nxe5 20. Re3 $2 {The final
mistake.} ({The least of the evils for white was:} 20. Qxe5 Qxe5 21. fxe5 Bxc1
22. Rxc1 Rhe8 $17) 20... Qd7 21. Rxe5 Bg7 $19 {[%csl Gd4,Re5,Rg1,Yh3][%cal
Gg7d4] Now it's all over for white.Almost all of white's pieces are badly
placed and the piece coordination is non-existant.} 22. Rd5 Bxd5 23. cxd5 Rhe8
24. Qc2 Qxd5 {A dream position for black!} 25. Bg2 Qd3 26. Bb7+ Kb8 27. Qg2 Re2
28. Qh3 {[%csl Yh3] A horrible position for the Q, just as horrible as a
couple of moves ago when the bishop occupied it...} Rd5 $1 {A humourous touch.}
0-1

[Event "Bundesliga 0506"]
[Site "Germany"]
[Date "2006.03.12"]
[Round "13.1"]
[White "Kasimdzhanov, Rustam"]
[Black "McShane, Luke J"]
[Result "1-0"]
[WhiteElo "2670"]
[BlackElo "2605"]
[Annotator "Postny,E"]
[PlyCount "103"]
[EventDate "2005.10.21"]
[EventType "team-tourn"]
[EventRounds "15"]
[EventCountry "GER"]
[SourceTitle "CBM 112"]
[Source "ChessBase"]
[SourceDate "2006.06.07"]
[SourceVersion "1"]
[SourceVersionDate "2006.06.07"]
[SourceQuality "1"]
[WhiteTeam "Godesberg"]
[BlackTeam "Werder Bremen"]
[WhiteTeamCountry "GER"]
[BlackTeamCountry "GER"]

1. e4 e5 2. Nf3 Nc6 3. d4 exd4 4. Nxd4 Bb4+ {A rare move. Thee main lines are
4...Bc5 and 4...Nf6.} 5. c3 Bc5 {Black loses a tempi on purpose in order to
force white's pawn to come to c3 which robs from the white queenside knight of
it's natural developing square.} ({Another playable alternative is} 5... Be7)
6. Be3 Bb6 7. Nf5 (7. Qg4 Qf6 8. Qg3 Qg6 (8... Nxd4 $2 9. cxd4 Bxd4 10. Bxd4
Qxd4 11. Nc3 Ne7 12. Qxc7 $16 {1-0 Kasparov,G (2827)-Unzicker,W (2432)/Zuerich
2001/CBM 83_01 [Postny,E] (26)}) 9. Nf5 d6 $1 10. Bxb6 (10. Nxg7+ Kf8 11. Nf5
Bxf5 12. exf5 Qxg3 13. hxg3 Bxe3 14. fxe3 Nf6 {with an excellent compensation
for the pawn.}) 10... axb6 11. Ne3 Nf6 $11 {0-1 Nakamura,H (2568)-Goldin,A 
(2608)/Buenos Aires 2003/CBM 97_01 [Postny,E] (51)}) (7. Nxc6 bxc6 8. Bd4 Nf6
9. e5 Qe7 10. Be2 Nd5 11. Bf3 O-O 12. O-O Ba6 13. Re1 Nf4 14. Be4 Rab8 15. Bxb6
Rxb6 16. Qd2 f5 17. exf6 Qxf6 18. b3 Rb5 19. Na3 Rg5 $40 {0-1 Ni Hua (2528)
-Tkachiev,V (2642)/Shanghai 2001/CBM 85_01 (29)}) 7... Bxe3 8. Nxe3 Nf6 ({
Black can also develop his knight to e7:} 8... Nge7 9. c4 O-O 10. Nc3 d6 11.
Bd3 Nd4 12. O-O c5 13. Qh5 g6 14. Qh6 Kh8 15. Rae1 $14 {0-1 Savchenko,B (2510)
-Sorokin,M (2510)/Sochi 2004/CBM 100 ext (26)}) 9. f3 O-O 10. c4 $1 {Getting
space in the centre and preparing the queenside development.} Nh5 $6 {This
plan is not the best one. It's more sound to transfer the knight to c5 with
following f7-f5 advance at the appropriate point.} (10... d6 11. Nc3 Nd7 12.
Qd2 Nc5 13. Be2 f5 14. exf5 Bxf5 15. Nxf5 Rxf5 16. O-O-O a5 $11 {1/2-1/2
Ivanchuk,V (2730)-Morovic Fernandez,I (2605)/Cap d'Agde 1998/EXT 99 (43)}) 11.
Qd2 d6 (11... Qh4+ 12. Qf2 $14) 12. Nc3 Nf4 (12... Qh4+ $5 13. Qf2 Qg5 14. g3
Be6 15. f4 Qa5 16. O-O-O Nf6 17. Ned5 $14 {1-0 Markovic,I (2502)-Pap,M (2441)/
Budva 2003/CBM 096 ext (62)}) 13. O-O-O a6 14. Ned5 Ne6 {It's unfavourable for
black to take on d5, therefore he has to retreat.} 15. Qe3 Bd7 16. f4 $16 {
White enjoys a space advantage and has a clear plan of advancing the kingside
pawns towards the black monarch. On the other hand, black is not able to carry
out neither b7-b5, nor f7-f5, therefore his position is already very difficult.
} f6 (16... f5 17. exf5 Rxf5 18. g4 Rf7 19. f5 $16) 17. h4 Ne7 18. g4 Nxd5 {
What else?} 19. cxd5 Nc5 20. g5 Qe7 21. Bc4 b5 $5 {I don't think that McShane
blundered white's reply, but he probably wanted to change the course of the
game even at a price of a pawn.} (21... Kh8 {[%csl Re4][%cal Ga8e8] was
probably stronger, but could not change the evaluation of the position as
clearly better for white.}) 22. Qxc5 $1 bxc4 (22... dxc5 $2 23. d6+ Qf7 24.
Bxf7+ Rxf7 25. dxc7 $18) 23. Qxc7 fxg5 24. fxg5 Rf3 (24... Rac8 25. Qa7 {
and white's queen comes out to an ideal d4 square.}) 25. Qxc4 Bb5 26. Qd4 Rc8
27. Kb1 Rc4 28. Qd2 Qe5 29. Rhe1 {Black is two pawns down, his compensation is
definitely insufficient. The best he can hope for is to gain back one pawn...}
Rh3 30. g6 $1 Rxh4 (30... hxg6 31. Qg5 Qf6 32. e5 $18) 31. Qf2 Rf4 32. gxh7+
Kh8 {Using the enemy pawn as a shelter.} 33. Qg3 Rb4 34. Ka1 {The safest move.}
({Leads to some complications:} 34. Qh3 Rf2 35. b3 (35. Qc8+ Qe8 36. Qxe8+ Bxe8
37. b3 Bg6 $132) 35... Rh2 36. Qc8+ Be8) 34... Bd7 35. Qe3 Rfxe4 36. Qxe4 $1 (
36. Nxe4 $4 Qxb2#) 36... Rxe4 37. Rxe4 Qh2 38. Ree1 $1 {Connecting the rooks
and protecting the Ph7 as well.} Bg4 39. Rh1 Qc2 40. Rc1 Qd3 41. Rce1 Bd7 42.
Ne4 Bb5 43. Nxd6 ({An immediate win is after} 43. a4 $1 {distracting the
bishop.} Bxa4 44. Ref1 $18 {[%cal Rf1f8]}) 43... Qxd5 44. Rd1 Bd3 45. Nf7+ Qxf7
46. Rxd3 Qc7 47. Rg1 Kxh7 48. Rdg3 Kh8 49. a3 $1 {Making the last preparations
before transposing the game into a won pawns endgame.} Qe5 50. Rxg7 Qh2 (50...
Qxg7 51. Rxg7 Kxg7 52. Ka2 $18 {[%cal Ga2b3,Gb3b4,Gb4a5,Ga5a6]}) 51. Rg8+ Kh7
52. R1g7+ (52. R1g7+ Kh6 53. Rh8+ Kxg7 54. Rxh2 $18) 1-0

[Event "SWE-ch"]
[Site "Linkoping"]
[Date "2001.07.02"]
[Round "3"]
[White "Hector, Jonny"]
[Black "Wedberg, Tom Birger"]
[Result "1/2-1/2"]
[WhiteElo "2546"]
[BlackElo "2505"]
[Annotator "Postny,E"]
[PlyCount "164"]
[EventDate "2001.06.30"]
[EventType "tourn"]
[EventRounds "13"]
[EventCountry "SWE"]
[EventCategory "8"]
[SourceTitle "CBM 085"]
[Source "ChessBase"]
[SourceDate "2001.11.13"]
[SourceVersion "1"]
[SourceVersionDate "2001.11.13"]
[SourceQuality "1"]

1. e4 e5 2. Nf3 Nc6 3. d4 exd4 4. Nxd4 Nf6 5. Nxc6 bxc6 6. e5 Qe7 7. Qe2 Nd5 8.
c4 Nb6 9. Nd2 {Other ways of development are: 9.Nc3, 9.b3, 9.g3.} d6 {Other
common options are: 9...a5, 9...Qe6, 9...Bb7.} 10. exd6 cxd6 11. b3 Bg4 12.
Qxe7+ (12. f3 Be6 13. Bb2 d5 14. cxd5 Nxd5 15. Qe4 Bf5 16. Qxe7+ Bxe7 17. Bc4
O-O 18. Ne4 Ne3 19. Kf2 Nxc4 20. bxc4 Rab8 21. Bc3 {1/2-1/2 Gurevich,I-Ivanov,
A/St Martin 1992/TD (21)}) 12... Bxe7 13. Bd3 $146 (13. Bb2 O-O 14. Bd3 d5 15.
f3 Be6 16. O-O Rfd8 17. Rfd1 a5 18. Bf1 a4 19. cxd5 Bc5+ 20. Kh1 cxd5 $15 {
0-1 Mueller,M-Wells,P/Germany 1998/GER-chT (37)}) 13... O-O 14. O-O d5 $11 15.
h3 Be6 16. cxd5 ({Probably white shouldn't hurry with this exchange and play} 
16. Bb2 Rad8 {[%csl Rd2,Rd3]} 17. Rad1 $11) 16... Bxd5 17. Be4 (17. Bb2 Rad8 {
[%csl Rd2,Rd3]} 18. Rad1 Bxg2 19. Bxh7+ Kxh7 20. Kxg2 {=/=/+}) 17... Bf6 18.
Rb1 Rfe8 19. Bxd5 $2 {It's very easy to overestimate the static advantages of
white's structure.This exchange allows the so far passive N on b6 to come
strongly back to the game.} (19. Bc2 Rad8 20. Rd1 $11 {[%cal Yd2f1]}) 19...
Nxd5 20. Bb2 Nc3 21. Bxc3 Bxc3 22. Nf3 Re2 {In spite of the superior
pawnstructure white's position is worse, as black's pieces are far more active
and the B better, than the N.} 23. Rfc1 Bb4 24. Ra1 c5 $1 (24... Ba5 $2 {
[%cal Ga5b6]} 25. Nd4) 25. a3 Ba5 26. Rxc5 (26. Rab1 Rae8 {[%cal Ge2a2,Ge8e2]
intending to play 27...Ra2 /\ 28...Ree2.}) 26... Bb6 27. Rc6 Rb2 $1 ({The
obvious capture on f2 would give away black's advantage:} 27... Bxf2+ 28. Kf1
Rb2 29. Rac1 Kf8 30. R1c2 {changing the active black's R.} Rxc2 31. Rxc2 Bb6
$11) 28. Rac1 f6 29. b4 ({Possible was} 29. Rc8+ Rxc8 30. Rxc8+ Kf7 31. Rc3 {
with worse, but defensible position.}) 29... Ra2 ({Deserved attention} 29...
Re8 30. R1c2 Re2 31. Rxe2 Rxe2 $15) 30. R1c2 $1 Ra1+ 31. Kh2 Rxa3 32. Nh4 $1 {
[%cal Gh4f5]} Rb3 33. R6c4 $2 ({Having said "a" white is not saying "b"!} 33.
Nf5 $1 Rxb4 34. Ne7+ Kf7 35. Nd5 Rb3 36. Nxb6 Rxb6 (36... axb6 37. Rc7+ Kg6 38.
Rb7 $11 {[%csl Rb6,Rg7][%cal Gc2c7]}) 37. Rxb6 axb6 38. Rc7+ Kg6 39. Rb7 {
and now black can choose between 39...Ra6 and 39...Ra2 40.Rb6 Rf2. In both
cases his advantage is not sufficient for a win against the proper defense.})
33... g6 34. Nf3 {The N has to go back.This meand, that white lost two tempos..
.} Rd8 35. Nd2 Rbd3 36. Ne4 f5 37. Nc5 Rd2 38. Nb3 $2 {White's position is a
quite an unpleasant, nevertheless there was no reason to give away a pawn.} (
38. Rxd2 $6 Rxd2 39. Kg3 Kf7 40. Kf3 Kf6 $17) ({The active} 38. Ne6 {seems to
be the right way.} R8d6 39. Rc8+ Kf7 40. Ng5+ Kg7 41. f4 {and white should not
lose this position.}) 38... Rxf2 39. Rxf2 Bxf2 $19 40. g4 Rd3 41. Rc8+ Kf7 42.
Nc5 Rd2 43. Kh1 Re2 $2 ({Why not} 43... Bg3 {?} 44. gxf5 gxf5 45. Ra8 Ra2 $19 {
[%csl Gf5,Rh1][%cal Gf5f4,Gf4f3]}) 44. gxf5 gxf5 45. Rc7+ Re7 46. Rc6 Bg3 47.
Kg2 f4 48. Rh6 Re2+ $6 (48... Kg7 $142 49. Ra6 h5 $17) 49. Kf3 Re3+ 50. Kg4 $1
Kg7 51. Ra6 h5+ 52. Kxh5 ({A nice mating construction would arise after} 52.
Kg5 $4 Re5#) 52... f3 53. Rg6+ {White has no chance to stop the "f" pawn, so
he has to take all black's remained pieces...} Kf7 54. Rxg3 f2 55. Rxe3 f1=Q
56. Kg4 {White has sufficient compensation for the queen; the endgame should
be a draw, however things are still not so simple for white...} Qc4+ 57. Re4
Qd5 {[%csl Rc5,Gd5][%cal Ga7a5]} 58. Rf4+ Kg6 {[%csl Rc5][%cal Ga7a5]} 59. Ne4
Qd1+ 60. Kh4 Qd4 61. b5 (61. Rg4+ $2 Kh6 62. Ng5 Qf2+ 63. Rg3 a6 $22) 61...
Qd8+ (61... Qe5 62. Kg4 Qh5+ (62... Qxb5 63. Rf6+ Kg7 64. Rf7+ $1 Kg8 65. Rxa7
{and black cann't capture the rook} Qe2+ 66. Kf4 $11) 63. Kg3 Qxb5 {It looks
like black got winning chances, but...the b5 square is not the best for the
black's Q...} 64. Rg4+ $1 Kh6 65. Rh4+ Kg7 66. Rg4+ Kf8 67. Rf4+ Ke7 68. Rf7+
$1 {quite an amazing coírdination between the R and the N!} Ke6 69. Rf6+ Kd7 (
69... Ke5 $4 70. Rf5+ $18) 70. Rf7+ Kc6 71. Rf6+ Kc7 72. Rf7+ {black just
can't avoid the perpetual and} Kb6 $4 {is even losing after} 73. Rb7+ $1 $18)
62. Rf6+ (62. Kg4 Qd7+ 63. Kg3 Qxb5 64. Rg4+ $11 {-see the previous comment.})
(62. Kg3 Qd3+ 63. Kg4 Qxb5 64. Rf6+ $11 {- also see the previous comment.})
62... Kg7 63. Kg4 Qd5 64. Kf4 Qxb5 65. Rf7+ Kg8 {[%tqu "En","Find the best
move for white.","","","f7d7","",8]} 66. Rd7 $1 $11 {[%mdl 4096] Building a
well-known drawish mechanism (Rd7+Nf6).} Kf8 (66... Qf1+ 67. Ke5 Qe2 68. Kf5
$11 (68. Kf4 Qh2+ 69. Kg4 $2 (69. Kf5 $8) 69... Qe5 {[%csl Ge5]} 70. Ng5 a5 71.
h4 a4 $19 {[%csl Ga4]})) 67. Nf6 Qf1+ 68. Ke5 Qe2+ 69. Kf5 Qf3+ 70. Kg6 Qg3+
71. Kh6 Qxh3+ {Black is even managed to capture white's last pawn with check,
however it doesn't help too much...} 72. Kg6 Qg2+ 73. Kh6 Qh1+ 74. Kg6 Qb1+ 75.
Kh6 Qf5 {The last attempt to break white's drawing mechanism.} 76. Nh7+ Ke8 77.
Rxa7 $1 Qh3+ 78. Kg7 Qg4+ 79. Kh8 {Finally white's K has found a safe place on
h8 and just in time.} Qd4+ 80. Rg7 Qe5 81. Ng5 Kf8 82. Nh7+ Ke8 1/2-1/2

[Event "Vidmar Memorial 15th"]
[Site "Terme Zrece"]
[Date "2003.08.25"]
[Round "8"]
[White "Sutovsky, Emil"]
[Black "Beliavsky, Alexander G"]
[Result "1/2-1/2"]
[WhiteElo "2639"]
[BlackElo "2668"]
[Annotator "Postny,E"]
[PlyCount "54"]
[EventDate "2003.08.17"]
[EventType "tourn"]
[EventRounds "9"]
[EventCountry "SLO"]
[EventCategory "12"]
[SourceTitle "CBM 097"]
[Source "ChessBase"]
[SourceDate "2003.11.11"]
[SourceVersion "1"]
[SourceVersionDate "2003.11.11"]
[SourceQuality "1"]

1. e4 e5 2. Nf3 Nc6 3. d4 exd4 4. Nxd4 Bc5 5. Be3 Qf6 6. c3 Nge7 7. g3 {
This line gained some popularity lately.} d5 8. Bg2 dxe4 (8... Bxd4 9. cxd4
dxe4 10. Nc3 {- see the annotated game Dworakowska,J-Onischuk,A/Skopje 2002/
CBM 88 [Postny]}) (8... Nxd4 9. cxd4 Bb4+ 10. Nc3 Bxc3+ 11. bxc3 dxe4 12. Bxe4
c6 13. O-O Bf5 14. Bg2 O-O 15. c4 Be6 16. d5 cxd5 17. cxd5 Bxd5 18. Bxd5 Rad8
19. Bd4 Qd6 20. Bxg7 Kxg7 21. Bxb7 $16 {1-0 Azmaiparashvili,Z-Kasimdzhanov,R/
Moscow 2001/CBM 86 (74)}) 9. O-O ({Principal, but risky is} 9. Nb5 Bxe3 10.
Nxc7+ Kf8 11. fxe3 Rb8 {- see the annotated game Narciso,M-Azarov,S/Leon 2001/
CBM 86 [Postny]}) (9. Nd2 Bxd4 10. cxd4 Bf5 11. Nxe4 Bxe4 12. Bxe4 Qe6 13. Bg2
Nd5 14. Qb3 O-O-O 15. O-O Rhe8 16. Rac1 Nxe3 17. Qxe6+ Rxe6 18. fxe3 Rxe3 19.
Rxf7 Re7 $11 {1/2-1/2 Sedlak,N-Ovod,E/Budapest 2002/CBM 89 ext (49)}) 9... Nxd4
$146 {In the preceding games black choose the capture with the bishop.} (9...
Bxd4 10. cxd4 Bf5 {- see the annotated game Sutovsky,E-Postny,E/ISR-ch 2000/
CBM 81 [Postny]}) 10. cxd4 Bb6 11. a4 a5 (11... Nf5 $6 12. Bxe4 Nxd4 $2 (12...
Bxd4 $4 13. Bxf5 Bxe3 14. Bxc8 $18) 13. a5 Bc5 14. Re1 $1 (14. b4 $2 Ne6 {
[%csl Ra1]}) 14... Be6 (14... O-O $2 15. Qh5 {[%csl Rc5,Rh7]} Bf5 16. Bxd4 $18
{[%csl Rf5]}) 15. a6 $16) 12. Nc3 O-O 13. Bxe4 {White has inferior pawn
structure, but hopes to make use of the activity of his pieces.} Rd8 14. Re1 h6
({Again the central pawn is poisonous:} 14... Bxd4 $2 15. Nd5 $1 Nxd5 (15...
Rxd5 16. Bxd5 Bxb2 17. Bc5 $16) 16. Bxd4 Qc6 (16... Qd6 17. Qh5 $18) 17. Rc1
Qd7 18. Qh5 h6 19. Bxd5 Qxd5 20. Re8+ Kh7 21. Rh8+ $1 $18) 15. Qb3 Bf5 ({After
} 15... Bxd4 16. Bxd4 Rxd4 17. Rad1 {white has strong compensation for the
pawn.}) 16. Bxb7 Rab8 17. Bg2 Bxd4 18. Bxd4 Qxd4 19. Nb5 (19. Qa3 Ng6 20. Rad1
Qc4 $11) 19... Qf6 20. Qc3 c6 21. Na7 ({After} 21. Qxf6 gxf6 22. Rxe7 (22. Na7
Be6 $11) 22... cxb5 {white has very little.}) 21... Be6 22. Qxa5 (22. Qxf6 gxf6
$11) 22... Qd4 $1 {This strong centralization gives black sufficient
counterplay.} ({Much weaker is} 22... Qxb2 $6 23. Nxc6 Nxc6 24. Bxc6) 23. Nxc6
Nxc6 24. Bxc6 Rxb2 {The activity of black's pieces compensates the lack of
pawn.} 25. Rf1 Rd2 (25... Bc4 {was a worthy try:} 26. Rad1 Qxd1 (26... Qxf2+ $5
27. Rxf2 Rxd1+ 28. Kg2 Bf1+ 29. Kf3 Rd3+ 30. Kg4 Rxf2 {- see 26...Qxd1.}) 27.
Rxd1 Rxd1+ 28. Kg2 Bf1+ 29. Kf3 Rd3+ 30. Kg4 Rxf2 31. Qa8+ Kh7 32. Be4+ g6 {
[%tqu "En","Find the only move that saves white.","","","e4g6","",5,"e4d3","",
0]} 33. Bxg6+ $1 {The only move, that saves white.} (33. Bxd3 $4 f5+ {mating.})
33... Kxg6 (33... fxg6 $4 34. Qa7+ $18 {[%cal Ra7f2,Ra7h7]}) 34. Qg8+ Kf6 35.
Qh8+ Ke6 36. Qe8+ Kd5 37. Qd7+ Ke5 38. Qe7+ $11) 26. Rae1 Rc8 (26... Bc4 $2 27.
Re4) 27. Bg2 Ra2 1/2-1/2